| 000 | 00683nam a2200169Ia 4500 | ||
|---|---|---|---|
| 008 | 090711s9999 xx 000 0 und d | ||
| 082 | _b70643 | ||
| 100 | _aशांताराम भाऊ / सुंठणकर | ||
| 245 | _aलोहSाुंबक बरे करती रोग सारे | ||
| 260 | _c1991 | ||
| 300 | _a118 | ||
| 600 | _aशांताराम भाऊ / सुंठणकर | ||
| 630 | _aलोहSाुंबक बरे करती रोग सारे | ||
| 700 | _aशांताराम भाऊ / सुंठणकर | ||
| 730 | _aलोहSाुंबक बरे करती रोग सारे | ||
| 942 | _cBOOK | ||
| 999 |
_c312013 _d312013 |
||